|
|
|
|
| LEADER |
00872nam a2200229 a 4500 |
| 001 |
11925210 |
| 008 |
090531s2001 nyu b 000 0 eng d |
| 010 |
|
|
|a 00025522
|
| 020 |
|
|
|a 0195135431 (pbk. : alk. paper)
|
| 040 |
|
|
|a DLC
|c DLC
|d DLC
|
| 082 |
0 |
0 |
|a 401
|2 21
|
| 245 |
1 |
4 |
|a The Philosophy of language /
|c edited by A.P. Martinich.
|
| 250 |
|
|
|a 4th ed.
|
| 260 |
|
|
|a New York :
|b Oxford University Press,
|c 2001.
|
| 300 |
|
|
|a viii, 599 p. ;
|c 24 cm.
|
| 504 |
|
|
|a Includes bibliographical references.
|
| 541 |
1 |
|
|e 00010412
|
| 650 |
|
0 |
|a Language and languages
|x Philosophy.
|
| 700 |
1 |
|
|a Martinich, Aloysius.
|
| 852 |
4 |
|
|a Ayesha Abed Library
|j General Shelf.
|
| 999 |
|
|
|c 1131
|d 1131
|
| 952 |
|
|
|0 0
|1 0
|2 ddc
|4 0
|6 401_PHI_200100000000000
|7 0
|9 1021
|a BRACUL
|b BRACUL
|c GEN
|d 2009-06-24
|g 0.00
|l 0
|o 401 PHI
|p 3010010412
|r 2009-06-24
|t 1
|w 2009-06-24
|y BK
|x No price found in the accession register.
|